Largest Cities in New Caledonia🇳🇨 - Statistics

General Stats
  • This quiz has been taken 21 times
  • The average score is 4 of 10
Answer Stats
Population City % Correct
93,060 Noumea
100%
19,346 Dumbea
54%
4,572 Kone
46%
4,885 Poindimie
46%
4,826 Bourail
38%
24,680 Mont-Dore
31%
4,562 Houailou
23%
10,375 We
23%
12,617 Paita
15%
7,492 Tadine
0%
No matching quizzes found
Score Distribution
Percent of People with Each Score
Percentile by Number Answered
Your Score History
You have not taken this quiz